Départements français qui battent les Pyrénées-Orientales - Statistiques

Statistiques générales
  • Ce quiz a été pris 309 fois
  • Le résultat moyen est 10 sur 20
Statistiques - réponses
Rang Catégorie Départements % Correct
6 Plus grand étang/lac Haute-Savoie | Bouches-du-Rhône | Hérault | Landes | Gironde
87%
7 Plus haut taux de pauvreté Seine-Saint-Denis | La Réunion | Martinique | Guadeloupe | Mayotte | Guyane
86%
2 Plus longue frontière avec l'Andorre Ariège
83%
11 Plus ensoleillé Bouches-du-Rhône | Var | Vaucluse | Corse-du-Sud | Alpes-Maritimes | Hérault | Gard | Alpes-de-Haute-Provence | Haute-Corse | Hautes-Alpes
80%
4 Nom le plus long Alpes-de-Haute-Provence | Pyrénées-Atlantiques | Territoire-de-Belfort
75%
2 Frontalier du plus petit état Alpes-Maritimes
68%
3 Dernier avec un double chiffre Seine-et-Marne | Vosges
66%
2 Plus petit en Occitanie Tarn-et-Garonne
54%
3 Moins de frontières départementales (hors DROM) Haute-Corse | Corse-du-Sud
51%
11 Deuxième ville est la moins peuplée Ariège | Cantal | Haute-Corse | Creuse | Gers | Haute-Loire | Lot | Lozère | Haute-Saône | Territoire-de-Belfort
46%
2 Gare la plus haute de France Haute-Savoie
46%
3 Plus méridional (métropole) Corse-du-Sud | Haute-Corse
45%
8 Moins de sénateurs Alpes-de-Haute-Provence | Hautes-Alpes | Ariège | Eure-et-Loir | Finistère | Lozère | Territoire-de-Belfort
41%
2 Produisant le plus de pêches Bouches-du-Rhône
40%
6 Plus de chômage Martinique | Guyane | Guadeloupe | La Réunion | Mayotte
38%
8 Commune la moins étendue Gironde | Val-d'Oise | Nord | Vendée | Eure | Hautes-Pyrénées | Sarthe
33%
3 Barrage avec la plus haute retenue d'eau Savoie | Isère
33%
3 Station de ski avec le moins de dénivelé Haute-Savoie | Hautes-Alpes
31%
10 Lieu du naissance du dernier Maréchal de France Hautes-Pyrénées | Pas-de-Calais | Haute-Loire | Haute-Garonne | Meurthe-et-Moselle | Eure-et-Loir | Vendée | Somme | Calvados
26%
2 Commune la plus venteuse Corse-du-Sud
11%
Aucun quiz correspondant
Distribution des résultats
% des personnes avec chaque résultat
Percentile par nombre de réponses
Votre historique - résultats
Vous n’avez pas pris ce quiz